000 00845nam a2200277 a 4500
001 67456
003 BD-RjUL
005 20211209081646.0
008 170325s1965 enka b 001 0 eng d
035 _a(BD-RjUL)67587
040 _aBD-RjUL
_beng
_cBD-RjUL
_dBD-RjUL
041 _aeng
082 _223
_a530
_bSAF 1965
100 1 _aSanders, J. H.
_q(John Howard)
_9199889
245 1 4 _aThe fundamental atomic constants /
_cby J.H. Sanders.
250 _a2nd ed.
260 _aLondon :
_bOxford University Press,
_c1965.
300 _a98 p :
_bill ;
_c22 cm.
490 1 _aOxford library of the physical sciences.
504 _aIncludes bibliography.
650 0 _aPhysical measurements.
_936
650 0 _aPhysics
_xTables.
_9199890
830 0 _aOxford library of the physical sciences.
_9204352
942 _2ddc
_cBK
999 _c67456
_d67456